00648nam a22002057a 450000500170000001000150001702000260003203500140005803700130007208200120008510000190009724500950011626000500021127000890026130000220035050000200037270000180039270000180041070000140042820191015121138.0 aENG-126660 a9789353434861c799.00 aEN-110192 bDBAD/PUB a530.141 aInan, Umran S. aEngineering electromagnetics and waves /cby Umran S.Inan, Aziz S. Inan [and] Ryan k. Said aNoidabPearson India Education Servicesc2019 a15th Floor, Tower-B, World Trade Tower, Plot No.1bBlock-C, Sector-16, Noidae201301 a1007p.c24cm(pbk) aIncludes index aInan, Aziz S. aSaid, Ryan K. aSethi, R.